| 000 | 00785nam a22002057a 4500 | ||
|---|---|---|---|
| 999 |
_c9677 _d9677 |
||
| 003 | AR-CdUCM | ||
| 008 | 190328b ||||| |||| 00| 0 spa d | ||
| 040 |
_aMUNICIPALIDAD PROVINCIAL DEL CUSCO _cBIBLIOTECA MUNICIPAL DEL CUSCO |
||
| 082 |
_a868.31 / _bS21 / 1938 |
||
| 100 |
_aSánchez, Luis Alberto _9401 |
||
| 245 | _aIndice de la poesía peruana contemporánea (1900 - 1937) / | ||
| 260 |
_aSantiago : _bErcilla, _c1938. |
||
| 300 |
_a359 páginas ; _c23 cm. |
||
| 505 | _aContenido : La poesía peruana en los últimos treinta y seis años -- Manuel Gonzales Prada - Prada -- José Santos Chocana -- Manuel Bengolea -- Enrique A, Carrillo ... | ||
| 650 |
_aPoseía _926038 |
||
| 650 |
_aPoetas _91966 |
||
| 650 |
_aLatinoamericanos _926039 |
||
| 942 |
_2ddc _cLIBROS |
||
| 945 | _arah | ||